000 00994nas a2200313 4500
001 BR2019001886
003 BR-BrBNA
005 20231205132006.0
007 ta
008 230509b bl.|||p| |||| 00| 00por d
040 _aBR-BrBNA
_bpor
_cBiblioteca Nacional de Agricultura
041 _a(En)
072 _aF06; F60
100 1 _aMartins, I.P.
100 1 _aFaria, R.T. de
100 1 _aPalaretti, L.F.
100 1 _aSantos, M.G. dos
100 1 _aFischer Filho, J.A.
245 1 _aEvapotranspiration and crop coefficient of basil determined by weighing lysimeters
650 _aMANJERICÃO
650 _aEVAPOTRANSPIRAÇÃO
650 _aLISÍMETRO
650 _aIRRIGAÇÃO
650 _aFISIOLOGIA VEGETAL
773 0 _tHorticultura Brasileira (Brazil)
_xISSN 1806-9991
_g(Oct-Dec 2019), v. 37(4) p. 373-378
_wBR2019001886
856 4 0 _uhttp://www.scielo.br/pdf/hb/v37n4/1806-9991-hb-37-04-373.pdf
909 _a202311
_bLúcia
_c55
_dLúcia Elande
942 _2AGRIS
_n0
_cANA
999 _c257855
_d257855